Представление документа в формате MARC21

ПолеНазваниеЗначение
  Тип записи a
  Библиографический уровень m
001 Контрольный номер RU/URAIT/562048
005 Дата корректировки 20260429163710.2
008 Кодируемые данные 260429s2025 RU y f j 000 0 rus u
020 Индекс ISBN __
a ISBN 978-5-534-09554-8
c Цена, тираж 1509.00
040 Источник каталогиз. __
a Служба первич. каталог. ИКО Юрайт
c Служба, преобразующая запись ИКО Юрайт
e Правила каталог. RCR
041 Код языка издания __
a Код языка текста rus
044 Код страны публикации __
a Код страны публикации RU
080 Индекс УДК __
a Индекс УДК 744(075.32)
084 Индекс другой классификации/Индекс ББК __
2 Источник индекса rubbk
a Индекс другой классификации/Индекс ББК 30.11я723
100 Автор __
a Автор Чекмарев А. А.
q Полное имя Чекмарев Альберт Анатольевич
245 Заглавие __
a Заглавие Черчение
b Продолж. заглавия учебник для спо
c Ответственность А. А. Чекмарев.
250 Сведения об издании __
g пер. и доп
a Основные сведения об издании 2-е изд.
256 Характеристики компьютерного файла __
a Характеристики компьютерного файла Электрон. дан.
260 Выходные данные __
a Место издания Москва
b Издательство Юрайт
c Дата издания 2025
300 Физическое описание __
a Объем 275 с
440 Серия __
a Серия Профессиональное образование
500 Примечания __
a Примечание URL: https://urait.ru/bcode/562048 (дата обращения: 29.04.2026).
520 Аннотация __
a Аннотация В учебнике изложены основы технического рисунка и черчения, основы машиностроительного черчения, правила выполнения схем. Рассмотрены элементы строительного и топографического черчения, основы использования персональных электронных вычислительных машин для решения графических задач. В процессе изучения черчения студенты освоят основные положения Единой системы конструкторской документации (ЕСКД) и системы проектной документации для строительства (СПДС), а также современные системы автоматизированного выполнения чертежей.
538 Прим. о системных особенностях __
a Прим. о системных особенностях Режим доступа: Электронно-библиотечная система Юрайт, для авториз. пользователей
653 Ключевые слова __
a Ключевые слова Инженерная графика и черчение
653 Ключевые слова __
a Ключевые слова Технические науки
653 Ключевые слова __
a Ключевые слова Физика
653 Ключевые слова __
a Ключевые слова Инженерная графика
653 Ключевые слова __
a Ключевые слова Инженерная и компьютерная графика
653 Ключевые слова __
a Ключевые слова Компьютерная и инженерная графика
653 Ключевые слова __
a Ключевые слова Основы естествознания (Физика)
653 Ключевые слова __
a Ключевые слова Геодезия с основами картографии и картографического черчения
653 Ключевые слова __
a Ключевые слова Топографическая графика
653 Ключевые слова __
a Ключевые слова Геодезия с основами черчения
653 Ключевые слова __
a Ключевые слова Основы методической работы учителя изобразительного искусства и черчения
653 Ключевые слова __
a Ключевые слова Теоретические и методические основы преподавания черчения в общеобразовательных учреждениях
653 Ключевые слова __
a Ключевые слова Теоретические и прикладные аспекты методической работы учителя изобразительного искусства и черчения
653 Ключевые слова __
a Ключевые слова Черчение
653 Ключевые слова __
a Ключевые слова Электротехническое черчение
653 Ключевые слова __
a Ключевые слова Основы физики
653 Ключевые слова __
a Ключевые слова Основы инженерной графики
653 Ключевые слова __
a Ключевые слова Основы строительного черчения
653 Ключевые слова __
a Ключевые слова Основы технического черчения
653 Ключевые слова __
a Ключевые слова Техническая графика
653 Ключевые слова __
a Ключевые слова Техническое черчение
653 Ключевые слова __
a Ключевые слова Введение в физику
653 Ключевые слова __
a Ключевые слова Начала физики
653 Ключевые слова __
a Ключевые слова Основы черчения
653 Ключевые слова __
a Ключевые слова Строительное черчение
653 Ключевые слова __
a Ключевые слова Вводный курс физики
653 Ключевые слова __
a Ключевые слова Корректирующий курс по физике
653 Ключевые слова __
a Ключевые слова Основы компьютерной инженерной графики
653 Ключевые слова __
a Ключевые слова Физика. Общие вопросы
653 Ключевые слова __
a Ключевые слова Компьютерная инженерная графика
653 Ключевые слова __
a Ключевые слова Инженерная графика (черчение)
653 Ключевые слова __
a Ключевые слова Фундаментальное естествознание. Физика
653 Ключевые слова __
a Ключевые слова Физика. Общая физика
653 Ключевые слова __
a Ключевые слова Инженерная компьютерная графика
653 Ключевые слова __
a Ключевые слова Естествознание: Физика
653 Ключевые слова __
a Ключевые слова Прикладные компьютерные программы в профессиональной деятельности
653 Ключевые слова __
a Ключевые слова Черчение и техническое измерение
653 Ключевые слова __
a Ключевые слова Черчение и технические измерения
856 Электронный адрес документа 40
n Местонахождение сервера Юрайт
g Электронная книга
q Тип электронного формата html
h Имя пользователя ЮРАЙТ
v Часы доступа к ресурсу 20271231
2 Способ доступа Показать документ
x Служебное примечание https://urait.ru/book/cover/ECEDB354-C6E9-4DDF-924F-5A3A4E04A515
u URL https://urait.ru/bcode/562048
856 Электронный адрес документа 48
q Тип электронного формата cover
u URL https://urait.ru/book/cover/ECEDB354-C6E9-4DDF-924F-5A3A4E04A515
911 __
u 0030=https://urait.ru/bcode/562048
911 __
u 073a=9785534095548
u 073d=1509.00
911 __
u 106a=s
911 __
u 900l=
952 Тип литературы __
i Дисциплина Физика
952 Тип литературы __
i Дисциплина Инженерная графика
952 Тип литературы __
i Дисциплина Инженерная и компьютерная графика
952 Тип литературы __
i Дисциплина Компьютерная и инженерная графика
952 Тип литературы __
i Дисциплина Основы естествознания (Физика)
952 Тип литературы __
i Дисциплина Геодезия с основами картографии и картографического черчения
952 Тип литературы __
i Дисциплина Топографическая графика
952 Тип литературы __
i Дисциплина Геодезия с основами черчения
952 Тип литературы __
i Дисциплина Основы методической работы учителя изобразительного искусства и черчения
952 Тип литературы __
i Дисциплина Теоретические и методические основы преподавания черчения в общеобразовательных учреждениях
952 Тип литературы __
i Дисциплина Теоретические и прикладные аспекты методической работы учителя изобразительного искусства и черчения
952 Тип литературы __
i Дисциплина Черчение
952 Тип литературы __
i Дисциплина Электротехническое черчение
952 Тип литературы __
i Дисциплина Основы физики
952 Тип литературы __
i Дисциплина Основы инженерной графики
952 Тип литературы __
i Дисциплина Основы строительного черчения
952 Тип литературы __
i Дисциплина Основы технического черчения
952 Тип литературы __
i Дисциплина Техническая графика
952 Тип литературы __
i Дисциплина Техническое черчение
952 Тип литературы __
i Дисциплина Введение в физику
952 Тип литературы __
i Дисциплина Начала физики
952 Тип литературы __
i Дисциплина Основы черчения
952 Тип литературы __
i Дисциплина Строительное черчение
952 Тип литературы __
i Дисциплина Вводный курс физики
952 Тип литературы __
i Дисциплина Корректирующий курс по физике
952 Тип литературы __
i Дисциплина Основы компьютерной инженерной графики
952 Тип литературы __
i Дисциплина Физика. Общие вопросы
952 Тип литературы __
i Дисциплина Компьютерная инженерная графика
952 Тип литературы __
i Дисциплина Инженерная графика (черчение)
952 Тип литературы __
i Дисциплина Фундаментальное естествознание. Физика
952 Тип литературы __
i Дисциплина Физика. Общая физика
952 Тип литературы __
i Дисциплина Инженерная компьютерная графика
952 Тип литературы __
i Дисциплина Естествознание: Физика
952 Тип литературы __
i Дисциплина Прикладные компьютерные программы в профессиональной деятельности
952 Тип литературы __
i Дисциплина Черчение и техническое измерение
952 Тип литературы __
i Дисциплина Черчение и технические измерения